| 000 | 00623nam a22002171a 4500 | ||
|---|---|---|---|
| 001 | 660 | ||
| 003 | OSt | ||
| 005 | 20260204211704.0 | ||
| 008 | 040113s2001||||ag ||||||b||||||||||spa|| | ||
| 020 | _a9870001580 | ||
| 050 | _a370.115 G588c | ||
| 082 | _a370.115 G588c | ||
| 100 | _aGonzález de Angeline, Silvia | ||
| 245 | _aEl currículo oculto en la escuela: la pobreza condiciona pero no determina / Silvia Gonzáles de Angeline | ||
| 264 | _aArgentina : Lumen | ||
| 300 | _a158 p | ||
| 500 | _aIncluye indice | ||
| 650 | _a1.Educación - Grupos Sociales | ||
| 700 | _aRío de Landaburro, ElenaÌ | ||
| 942 |
_2ddc _cBK |
||
| 999 |
_c660 _d660 |
||